A DICTIONARY of Zoology

Bibliographic Details
Other Authors: Allaby, Michael
Format: Book
Published: Oxford [England] ; New York : Oxford University Press , 2004
Edition:Third edition.
Series:Oxford paperback reference
Subjects:

MARC

LEADER 00000cam a2200000 7i4500
001 0000003460
005 20060322.0
020 0 0 |a 019860758x 
090 0 0 |a R 025.315.3   |b DIC 
245 0 2 |a A DICTIONARY of Zoology   |c Michael Allaby 
250 0 0 |a Third edition. 
260 0 0 |a Oxford [England] ; New York :   |b Oxford University Press ,   |c 2004 
300 |a 597 p. :   |b ill. ;   |c 20 cm. 
440 0 0 |a Oxford paperback reference 
650 0 0 |a Zoology   |x Dictionaries 
700 1 1 |a Allaby, Michael 
999 |a 0000006548   |b Monograph   |c Reference   |e Default branch